000 00501nam a2200205Ia 4500
008 160404s9999 xx 000 0 und d
020 _a971-110-075-4
050 _aFIL TX 612
050 _b.I23 1989
100 _aIbarra, Perlito I.
245 _aProcess meat at home /
245 _cPerlito I. Ibarra.
260 _aManila :
260 _bCA Pub. Program,
260 _c1989
300 _a38 pages :
300 _billustrations ;
300 _c23 cm.
650 _aMeat -- Preservation.
999 _c293133
_d293133